000 00884nam a2200229 a 4500
001 47753
003 BD-RjUL
005 20230115100416.0
008 160810s2002 bg ||||| |||| 00| e ben d
020 _a9847510288
035 _a(BD-RjUL)47872
040 _aBD-RjUL
_bben
_cBD-RjUL
_dBD-RjUL
041 _aben
082 _223
_a320.5492
_bMOZ 2002
100 1 _aমোহন, মহিউদ্দিন খান
_9145026
245 1 _aজিয়া, খালেদা জিয়া ও বিএনপি' /
_cমহিউদ্দিন খান মোহন
260 _aঢাকা :
_bমৌলি প্রকাশনী,
_c২০০২
300 _a১৫১ পৃ. ;
_c২০ সেমি.
650 _aরাজনীতি ও সরকার
_zবাংলাদেশ
_9145056
650 _aPolitics and government
_zBangladesh
_9145057
942 _2ddc
_cBK
999 _c47753
_d47753